Speed Television Quiz Stats

Quiz Updated May 17, 2015

Also try: Speed Geography
Challenge
Share
Tweet
Embed
Score 0/50 Timer 03:00
7 Plays Today
Hint Answer % Correct
????
100%
????
98.9%
????
95%
????
94.4%
????
94.4%
????
93.4%
????
87.8%
????
81.8%
????
81.7%
????
78.1%
????
67.5%
????
61.5%
????
59.9%
????
58.4%
????
58.2%
????
56.7%
????
53.4%
????
52.9%
????
45.6%
????
44.4%
????
43.6%
????
42.6%
????
40.3%
????
39.3%
????
37.9%
Hint Answer % Correct
????
35.3%
????
34.7%
????
34.1%
????
32.1%
????
30.7%
????
27.8%
????
25.2%
????
24.5%
????
22.7%
????
21.4%
????
18.2%
????
17.5%
????
16.5%
????
16.1%
????
15.6%
????
14.3%
????
11.9%
????
10.8%
????
9.4%
????
8.4%
????
7.7%
????
7.2%
????
6.3%
????
4.8%
????
3.6%

You're not logged in!

Compare scores with friends on all Sporcle quizzes.
Sign Up with Email
OR
Log In

You Might Also Like...

Show Comments

Extras

Top Quizzes Today


Score Distribution

Your Account Isn't Verified!

In order to create a playlist on Sporcle, you need to verify the email address you used during registration. Go to your Sporcle Settings to finish the process.